000 00445nam a2200145Ia 4500
008 100122s9999 xx 000 0 und d
082 _b9510
_a823
100 _aकुलकर्णी गं वि
245 _aसोनेरी खंजीर
260 _bप्रकाशक शोधणे
_c1950
300 _a100
630 _aसोनेरी खंजीर
730 _aसोनेरी खंजीर
942 _cBOOK
999 _c401452
_d401449